El Crimen fue en Granada (Record no. 47997)
[ view plain ]
| 000 -CABECERA | |
|---|---|
| campo de control de longitud fija | 00731nam a22002415a 4500 |
| 001 - NÚMERO DE CONTROL | |
| campo de control | vtls000055376 |
| 003 - IDENTIFICADOR DEL NÚMERO DE CONTROL | |
| campo de control | ES-BaIT |
| 005 - FECHA Y HORA DE LA ÚLTIMA TRANSACCIÓN | |
| campo de control | 20211007160331.0 |
| 007 - CAMPO FIJO DE DESCRIPCIÓN FÍSICA--INFORMACIÓN GENERAL | |
| campo de control de longitud fija | t| |
| 008 - DATOS DE LONGITUD FIJA--INFORMACIÓN GENERAL | |
| campo de control de longitud fija | 131008| ||||||||| 00| |spa|d |
| 010 ## - NÚMERO DE CONTROL DE LA BIBLIOTECA DEL CONGRESO | |
| Número de control de LC | 55376 |
| 035 ## - NÚMERO DE CONTROL DEL SISTEMA | |
| Número de control de sistema | 0055-37660 |
| -- | ES-BaIT035 |
| 039 #9 - NIVEL DE CONTROL BIBLIOGRÁFICO Y DETALLES DE CODIFICACIÓN [OBSOLETO] | |
| Nivel de reglas en descripción bibliográfica | 201403080128 |
| Nivel de esfuerzo utilizado para asignar no-encabezamientos de materia en puntos de acceso | VLOAD |
| Nivel de esfuerzo utilizado en la asignación de encabezamientos de materia | 201310110031 |
| Nivel de esfuerzo utilizado para asignar clasificación | VLOAD |
| Nivel de esfuerzo utilizado en la asignación de encabezamientos de materia | 201310101648 |
| Nivel de esfuerzo utilizado para asignar clasificación | VLOAD |
| Nivel de esfuerzo utilizado en la asignación de encabezamientos de materia | 201310082249 |
| Nivel de esfuerzo utilizado para asignar clasificación | VLOAD |
| -- | 201110052348 |
| -- | VLOAD |
| 040 00 - FUENTE DE LA CATALOGACIÓN | |
| Centro catalogador/agencia de origen | SEDO |
| Lengua de catalogación | cat |
| 245 03 - MENCIÓN DE TÍTULO | |
| Título | El Crimen fue en Granada |
| 260 ## - PUBLICACIÓN, DISTRIBUCIÓN, ETC. | |
| Lugar de publicación, distribución, etc. | [s.a.] |
| 300 ## - DESCRIPCIÓN FÍSICA | |
| Dimensiones | fol cm |
| 593 ## - Camps col·lecció exemplar | |
| Codi de localització de l’ítem (numèric ) | 0100 |
| Signatura topogràfica i/o núm. de registre | 5882-N |
| 856 42 - LOCALIZACIÓN Y ACCESO ELECTRÓNICOS | |
| Especificación de materiales | Fitxa del catàleg manual |
| Identificador Uniforme del Recurso | <a href="http://www.cdmae.cat/sedo/imgtitulos/018/P0000163.gif">http://www.cdmae.cat/sedo/imgtitulos/018/P0000163.gif</a> |
| 940 ## - EQUIVALENCIA O REFERENCIA-CRUZADA--TÍTULO UNIFORME [OBSOLETO] [solamente CAN/MARC] | |
| Título uniforme | <a href="IT">IT</a> |
| 949 ## - PROCESAMIENTO DE INFORMACIÓN LOCAL (OCLC) | |
| -- | VIRTUAITEM |
| -- | 10000 |
| -- | 10000 |
| -- | 1 |
| 6 | 1990265772 |
| a | 5882-N |
| Estado de retiro | Estado de pérdida | Estado dañado | No para préstamo | Localización permanente | Ubicación/localización actual | Ubicación en estantería | Fecha de adquisición | Fuente de adquisición | Información codificada de la localización en otra ubicación | Total de préstamos | Signatura topográfica completa | Código de barras | Fecha visto por última vez | Número de copia | Precio válido a partir de | Tipo de ítem Koha |
|---|---|---|---|---|---|---|---|---|---|---|---|---|---|---|---|---|
| Exclòs de préstec | Biblioteca Barcelona | Biblioteca Barcelona | BCN Magatzem Fons N | 07/11/2005 | Reconversió ODEC | 10000 | 5882-N | 1990265772 | 07/11/2005 | 1 | 11/08/2021 | Llibre |


